000 00603nam a2200193 a 4500
005 20140310183500.0
008 100302s19uu xx 00 eng d
020 _a139781856695688
050 _aHF 5825
_b.Sh27 2009
100 _aShaw, Mark
245 _aCopywriting :
_bsuccessful writing for design, advertising and marketing /
_cMark Shaw.
260 _aLondon :
_bLaurence King Publishing,
_c2009.
300 _a216 p. :
_bill. ;
_c27 cm.
521 _aBSBA
650 _aAdvertising copy.
650 _aMarketing. 3. Design
_xlayout and topography.
942 _cBK
_2lcc
_kFOR
999 _c23874
_d23874